Oeuvres en prose [chenier] /
Guardado en:
| Autor Principal: | |
|---|---|
| Formato: | Libro |
| Publicado: |
Paris :
Lib. De Charles Grosselin,
1840
|
| Materias: | |
| Etiquetas: |
Agregar Etiqueta
Sin Etiquetas, Sea el primero en etiquetar este registro!
|
| LEADER | 00485nam a22001575a 4500 | ||
|---|---|---|---|
| 001 | EHU.bham017421 | ||
| 003 | AR-BHAM | ||
| 005 | 20100624031715.0 | ||
| 008 | 130507s1840##################000#0#####d | ||
| 082 | 8 | 4 | |a 848.5 |
| 100 | 1 | |a Chenier, Andre | |
| 245 | 1 | 0 | |a Oeuvres en prose [chenier] / |c Andre Chenier |
| 260 | |a Paris : |b Lib. De Charles Grosselin, |c 1840 | ||
| 300 | |a 529 p. | ||
| 653 | |a Miscelanea francesa-1716-1789 | ||
| 859 | |a AR-BHAM |b BIB. HUMANIDADES - Arturo Marasso |h 848.5 |i C421 |p 1980.57 |t Ej.1 |v M | ||
